| 000 | 00594nam a22002177a 4500 | ||
|---|---|---|---|
| 999 |
_c700 _d700 |
||
| 003 | OSt | ||
| 005 | 20210419094307.0 | ||
| 008 | 141106b xxu||||| |||| 00| 0 eng d | ||
| 020 | _a0443050880 | ||
| 040 | _cDLC | ||
| 082 | _aQZ4 W561g 1996 | ||
| 100 |
_aBurkitt, H.G.;[et...al] _91848 |
||
| 245 |
_aWheater's Basic Histopathology: _ba colour atlas and text |
||
| 250 | _a3rd ed. | ||
| 260 |
_aNew York: _bChurchill Livingstone; _c1996 |
||
| 300 |
_a288 p : _bcol.ill; _c27 cm. |
||
| 504 | _aIncludes Index. | ||
| 650 |
_aHistopathology _91849 |
||
| 650 |
_aHistology _9194 |
||
| 942 |
_2z _cSLOAN |
||